000 01214cam a22003257a 4500
003 CHAP
005 20220329142553.0
008 011130d2001 mx d r 00110 spa d
010 _a85080
011 _a86052
035 _a96590
040 _cCHAP
090 _aTesis
100 0 0 _aVargas Oropeza, José Antonio.
_9118073
245 1 3 _aUn sistema de demanda casi ideal (AIDS) aplicado a once frutas en México, 1960-1998
_c/por José Antonio Vargas Oropeza
260 _aChapingo, Méx. :
_bEl autor,
_c2001.
300 _a125 h. : gráfs. ; cuadros ; anexos
502 _aTesis (Dr. en Ciencias en Economía Agrícola) -- UACH. División de Ciencias Económico-Administrativas
590 _aALEPH
_b10
_c20130110
_lUCH01
_h1444
590 _aBATCH-UPD
_b10
_c20130110
_lUCH01
_h1932
590 _aBATCH-UPD
_b10
_c20130410
_lUCH01
_h1256
590 _aBATCH-UPD
_b10
_c20130914
_lUCH01
_h1446
590 _aCONVERSION
_b10
_c20130109
_lUCH01
_h1347
650 0 4 _aFruta
_xMercadeo.
_943633
901 _aBK
905 _aMarco A. Mendoza T.
942 _cFOLL
949 _aTesis
_bBC
_cTES
_d33724000857926
_eTS2
_fc.2
_gDonaciØn
_h38714
_i96590
_si
949 _aTesis
_bBC
_cTES
_d965901
_eTS1
_gDonaciØn
_h38713
_i96590
_sb
999 _c85080
_d85080